[Event "DEM U10/U10w 2000"]
[Site "Überlingen GER"]
[Date "2000.06.09"]
[Round "9"]
[White "Bindrich, Falko"]
[Black "Baldauf, Marco"]
[Result "1/2-1/2"]
[Termination "normal"]
[Board "1"]
[WhiteElo "1645"]
[BlackElo "1278"]
[PlyCount "54"]
[WhiteFideId "4676670"]
[BlackFideId "4688210"]
[EventCountry "GER"]
[EventRounds "11"]
[EventType "swiss"]
[EventDate "2000.06.03"]

1. e4 c5 2. Nf3 Nc6 3. d4 cxd4 4. Nxd4 Nf6 5. Nc3 e6 6. Nxc6 bxc6 7. e5 Nd5 8.
Ne4 Qc7 9. f4 Ba6 10. c4 Nb6 11. Nd6+ Bxd6 12. exd6 Qd8 13. Qd4 O-O 14. Bd3 c5
15. Qxc5 Rc8 16. Qa3 Bxc4 17. O-O Bxd3 18. Qxd3 Nd5 19. f5 Qb6+ 20. Kh1 Qb8 21.
Qg3 Kh8 22. b3 Rc2 23. Ba3 Qa8 24. Bc1 a6 25. h4 Rc3 26. Qg4 Rc2 27. fxe6 fxe6
1/2-1/2

[Event "DEM U10/U10w 2000"]
[Site "Überlingen GER"]
[Date "2000.06.09"]
[Round "9"]
[White "Forchmann, Georg"]
[Black "Bentz, Matthias"]
[Result "0-1"]
[Termination "normal"]
[Board "2"]
[WhiteElo "1214"]
[BlackElo "1623"]
[PlyCount "34"]
[EventCountry "GER"]
[EventRounds "11"]
[EventType "swiss"]
[EventDate "2000.06.03"]

1. e4 e6 2. d4 d5 3. Nc3 Nf6 4. e5 Nfd7 5. f4 c5 6. Nf3 Nc6 7. Be3 Be7 8. Be2
cxd4 9. Nxd4 a6 10. O-O O-O 11. Bd3 Nc5 12. Nxc6 bxc6 13. Bxc5 Bxc5+ 14. Kh1 f5
15. exf6 Rxf6 16. Qh5 Rh6 17. Qe2 Rxh2+ 0-1

[Event "DEM U10/U10w 2000"]
[Site "Überlingen GER"]
[Date "2000.06.09"]
[Round "9"]
[White "Zikeli, Saskia"]
[Black "Schneider, David"]
[Result "0-1"]
[Termination "normal"]
[Board "3"]
[WhiteElo "1135"]
[BlackElo "1421"]
[PlyCount "54"]
[WhiteFideId "24601543"]
[BlackFideId "4697111"]
[EventCountry "GER"]
[EventRounds "11"]
[EventType "swiss"]
[EventDate "2000.06.03"]

1. d4 Nf6 2. c4 g6 3. Nc3 d6 4. Nf3 Bg7 5. e4 O-O 6. Be2 Nbd7 7. O-O Re8 8. Bg5
c5 9. d5 Qc7 10. Qd2 a6 11. Rac1 Nb6 12. h3 Nbd7 13. a3 b6 14. b4 Bb7 15. Rb1
Reb8 16. Rfc1 Bc8 17. Bf4 Rb7 18. Qe3 Ne8 19. Rb3 Rab8 20. Rcb1 f6 21. Qd2 Ne5
22. Nxe5 fxe5 23. Bh2 Nf6 24. f4 exf4 25. Bxf4 Bd7 26. Qe3 Ne8 27. Re1 Bd4 0-1

[Event "DEM U10/U10w 2000"]
[Site "Überlingen GER"]
[Date "2000.06.09"]
[Round "9"]
[White "Ohme, Melanie"]
[Black "Lutz, Bernhard"]
[Result "0-1"]
[Termination "normal"]
[Board "4"]
[WhiteElo "1121"]
[BlackElo "1113"]
[PlyCount "68"]
[WhiteFideId "4690745"]
[BlackFideId "24628638"]
[EventCountry "GER"]
[EventRounds "11"]
[EventType "swiss"]
[EventDate "2000.06.03"]

1. e4 e6 2. d4 d5 3. e5 c5 4. c3 Nc6 5. Nf3 Qb6 6. Be2 cxd4 7. cxd4 Bb4+ 8. Nc3
Bd7 9. O-O Nge7 10. a3 Bxc3 11. bxc3 O-O 12. Qc2 h6 13. Rb1 Qc7 14. a4 Rfe8 15.
Ba3 Nc8 16. Nd2 Nxd4 17. Qd3 Nxe2+ 18. Qxe2 Bxa4 19. c4 b6 20. Rbc1 Qb7 21. Rb1
Qa6 22. Qf3 Ne7 23. Rbc1 Bc6 24. cxd5 Bxd5 25. Qg3 Nf5 26. Qh3 Rec8 27. f4 Rxc1
28. Rxc1 Rc8 29. Rxc8+ Qxc8 30. g4 Nd4 31. Qd3 Nc6 32. h4 Qb7 33. Nf1 b5 34.
Ng3 Qb6+ 0-1

[Event "DEM U10/U10w 2000"]
[Site "Überlingen GER"]
[Date "2000.06.09"]
[Round "9"]
[White "Mandery, Markus"]
[Black "Körnlein, Daniel"]
[Result "1/2-1/2"]
[Termination "normal"]
[Board "5"]
[WhiteElo "1454"]
[BlackElo "1004"]
[PlyCount "67"]
[WhiteFideId "24607126"]
[EventCountry "GER"]
[EventRounds "11"]
[EventType "swiss"]
[EventDate "2000.06.03"]

1. d4 Nf6 2. c4 c5 3. d5 b5 4. e3 bxc4 5. Bxc4 Bb7 6. Nf3 d6 7. Nc3 Nbd7 8. O-O
Nb6 9. Bb5+ Nbd7 10. e4 h6 11. Bf4 g5 12. Bg3 Qb6 13. a4 a6 14. a5 Qc7 15. Ba4
Nh5 16. Ne5 Nhf6 17. Nxd7 Nxd7 18. Qg4 Bg7 19. Rfe1 Rd8 20. h4 Bf6 21. hxg5
hxg5 22. Qf5 Kf8 23. Bxd7 Qxd7 24. Qxd7 Rxd7 25. Na4 Rd8 26. Rab1 Kg7 27. b4
cxb4 28. Rxb4 Bc8 29. Rc1 Bd7 30. Nb6 Bb5 31. f3 Rh7 32. Kf2 Rdh8 33. Ke3 Rh1
34. Re1 1/2-1/2

[Event "DEM U10/U10w 2000"]
[Site "Überlingen GER"]
[Date "2000.06.09"]
[Round "9"]
[White "Schulz, Michael"]
[Black "Wortmann, Jonas"]
[Result "1-0"]
[Termination "normal"]
[Board "6"]
[WhiteElo "863"]
[BlackElo "1184"]
[PlyCount "47"]
[BlackFideId "24628069"]
[EventCountry "GER"]
[EventRounds "11"]
[EventType "swiss"]
[EventDate "2000.06.03"]

1. e4 c5 2. Nf3 Nc6 3. d4 cxd4 4. Nxd4 e6 5. Nc3 Bb4 6. Nxc6 bxc6 7. Bd2 Ne7 8.
Bd3 O-O 9. O-O Bb7 10. a3 Ba5 11. b4 Bc7 12. Qh5 Be5 13. Qxe5 Ng6 14. Qg3 d5
15. exd5 cxd5 16. Na4 Rc8 17. Nc5 Ba8 18. f4 Qb6 19. f5 Ne7 20. f6 Ng6 21. fxg7
Kxg7 22. Qg5 Rc7 23. Qf6+ Kg8 24. Bh6 1-0

[Event "DEM U10/U10w 2000"]
[Site "Überlingen GER"]
[Date "2000.06.09"]
[Round "9"]
[White "Gorodetski, Boris"]
[Black "Rafiee, Makan"]
[Result "1/2-1/2"]
[Termination "normal"]
[Board "7"]
[WhiteElo "311"]
[BlackElo "1148"]
[PlyCount "38"]
[BlackFideId "24609340"]
[EventCountry "GER"]
[EventRounds "11"]
[EventType "swiss"]
[EventDate "2000.06.03"]

1. d4 Nf6 2. e3 g6 3. Bd3 Bg7 4. f4 O-O 5. Nf3 d5 6. O-O Nbd7 7. Nbd2 c5 8. c3
b6 9. Ne5 Bb7 10. b3 Rc8 11. Bb2 Nxe5 12. fxe5 Nd7 13. Rc1 Bh6 14. Rf3 c4 15.
Rh3 Bg7 16. Bb1 f5 17. Qe1 Re8 18. Nf3 b5 19. Ng5 Nf8 1/2-1/2

[Event "DEM U10/U10w 2000"]
[Site "Überlingen GER"]
[Date "2000.06.09"]
[Round "9"]
[White "Lubbe, Nikolas"]
[Black "Wittmann, Thomas"]
[Result "1-0"]
[Termination "normal"]
[Board "8"]
[WhiteElo "1110"]
[BlackElo "1070"]
[PlyCount "59"]
[WhiteFideId "4694031"]
[EventCountry "GER"]
[EventRounds "11"]
[EventType "swiss"]
[EventDate "2000.06.03"]

1. e4 c5 2. Nf3 d6 3. d4 cxd4 4. Nxd4 Nf6 5. Nc3 g6 6. Be3 Bg7 7. f3 O-O 8. Qd2
Nc6 9. O-O-O d5 10. Qe1 e5 11. Nxc6 bxc6 12. exd5 cxd5 13. Bg5 Qb6 14. Bxf6
Bh6+ 15. Kb1 Rb8 16. b3 Qxf6 17. Nxd5 Qe6 18. Bc4 Rd8 19. Qa5 Rd7 20. Ne3 Qc6
21. Bd5 Qb6 22. Qxb6 Rxb6 23. Nc4 Rb5 24. Bc6 Rxd1+ 25. Rxd1 Rb8 26. Rd8+ Kg7
27. Nd6 Bg5 28. Rxc8 Rxc8 29. Nxc8 Be3 30. c4 1-0

[Event "DEM U10/U10w 2000"]
[Site "Überlingen GER"]
[Date "2000.06.09"]
[Round "9"]
[White "Stock, Lara"]
[Black "Savchenko, Oleksey"]
[Result "0-1"]
[Termination "normal"]
[Board "9"]
[WhiteElo "1114"]
[BlackElo "1329"]
[PlyCount "70"]
[BlackFideId "24611727"]
[EventCountry "GER"]
[EventRounds "11"]
[EventType "swiss"]
[EventDate "2000.06.03"]

1. e4 e5 2. Nf3 Nf6 3. Bc4 Nc6 4. Ng5 d5 5. exd5 Na5 6. Bb5+ c6 7. dxc6 bxc6 8.
Be2 h6 9. Nf3 e4 10. Ne5 Bd6 11. f4 O-O 12. d3 Re8 13. d4 c5 14. c3 Bb7 15. Be3
Nd5 16. Qd2 Nxe3 17. Qxe3 Qb6 18. b3 cxd4 19. Qxd4 Bc5 20. Qd7 Re7 21. Qd1 Bf2+
22. Kf1 Rd8 23. Qc2 Nc6 24. Nd2 Nxe5 25. fxe5 e3 26. Nc4 Qc7 27. Rb1 Ba6 28.
Qe4 Bxc4 29. Bxc4 Rxe5 30. Qc2 Rd2 31. Qc1 Rf5 32. g3 Bxg3+ 33. Kg1 Qc6 34. Bf1
Qf3 35. Qxd2 exd2 0-1

[Event "DEM U10/U10w 2000"]
[Site "Überlingen GER"]
[Date "2000.06.09"]
[Round "9"]
[White "Müller, Reinhold"]
[Black "Beck, Frederik"]
[Result "0-1"]
[Termination "normal"]
[Board "10"]
[WhiteElo "1248"]
[BlackElo "969"]
[PlyCount "120"]
[WhiteFideId "24605875"]
[BlackFideId "4687388"]
[EventCountry "GER"]
[EventRounds "11"]
[EventType "swiss"]
[EventDate "2000.06.03"]

1. d4 d5 2. c4 dxc4 3. Nf3 Nf6 4. Nc3 Bg4 5. Ne5 Bh5 6. Qa4+ Nbd7 7. e4 e6 8.
Bxc4 Bd6 9. Nxd7 Nxd7 10. O-O O-O 11. Be3 Nb6 12. Qb3 Nxc4 13. Qxc4 c6 14. b4
a6 15. Qb3 e5 16. dxe5 Bxe5 17. f4 Qd3 18. Bc5 Qxc3 19. Qxc3 Bxc3 20. Rac1 Bxb4
21. Bxb4 Rfe8 22. Rfe1 Rad8 23. Bc3 f6 24. Rb1 Rd7 25. e5 fxe5 26. fxe5 Bg4 27.
Re4 Bf5 28. Rbe1 Bxe4 29. Rxe4 Rde7 30. Kf2 Kf7 31. Rd4 Kg6 32. Rd6+ Re6 33.
Rd3 b5 34. a3 c5 35. Rg3+ Kf7 36. Rg4 Rf8 37. Ke3 g6 38. Ke4 Rd8 39. Rg3 Kg7
40. Ba5 Rd4+ 41. Kf3 Rd3+ 42. Kf4 Rxg3 43. hxg3 c4 44. Ke4 Kf7 45. Kd5 Re7 46.
Bb4 Rd7+ 47. Bd6 Rd8 48. e6+ Ke8 49. Ke5 Rxd6 50. Kxd6 c3 51. a4 c2 52. axb5
axb5 53. g4 c1=Q 54. g5 b4 55. g3 b3 56. g4 b2 57. e7 b1=Q 58. Ke6 Qe3+ 59. Kd5
Qb5+ 60. Kd6 Qeb6# 0-1

[Event "DEM U10/U10w 2000"]
[Site "Überlingen GER"]
[Date "2000.06.09"]
[Round "9"]
[White "Aghadjanian, Annie"]
[Black "Kleine, Jannik"]
[Result "0-1"]
[Termination "normal"]
[Board "11"]
[WhiteElo "843"]
[BlackElo "1205"]
[PlyCount "112"]
[EventCountry "GER"]
[EventRounds "11"]
[EventType "swiss"]
[EventDate "2000.06.03"]

1. e4 e5 2. Nf3 Nc6 3. Bc4 Bc5 4. c3 Nf6 5. d4 exd4 6. cxd4 Bb4+ 7. Bd2 Nxe4 8.
Qe2 d5 9. Bxb4 Nxb4 10. Nc3 Bf5 11. Bxd5 Nxd5 12. Nxe4 Nf4 13. Qb5+ Bd7 14.
Qe5+ Ne6 15. d5 f6 16. Nxf6+ Qxf6 17. Qxf6 gxf6 18. dxe6 Bxe6 19. Nd4 Kf7 20.
Nxe6 Kxe6 21. g3 Rhe8 22. O-O Kf7 23. Rfe1 Rxe1+ 24. Rxe1 Rd8 25. b3 Rd2 26.
Rc1 c6 27. a4 Rb2 28. Rc3 Kg6 29. Kg2 Kg5 30. Kf3 f5 31. h4+ Kf6 32. Ke3 Ke5
33. f4+ Kd5 34. Kd3 Rg2 35. b4 Rxg3+ 36. Kc2 Rxc3+ 37. Kxc3 Ke4 38. Kc4 Kxf4
39. Kd3 Kg4 40. Ke3 h5 41. a5 b6 42. Kd4 Kg3 43. Ke3 f4+ 44. Ke2 f3+ 45. Kf1 f2
46. a6 b5 47. Ke2 Kg2 48. Kd3 f1=Q+ 49. Kc3 Qc4+ 50. Kd2 Kf3 51. Kd1 Qe2+ 52.
Kc1 Ke3 53. Kb1 Qd2 54. Ka1 Kd3 55. Kb1 Kc3 56. Ka1 Qb2# 0-1

[Event "DEM U10/U10w 2000"]
[Site "Überlingen GER"]
[Date "2000.06.09"]
[Round "9"]
[White "Schlötzer, Waldemar"]
[Black "Rath, Oliver"]
[Result "1-0"]
[Termination "normal"]
[Board "12"]
[WhiteElo "1199"]
[BlackElo "332"]
[PlyCount "47"]
[WhiteFideId "24602140"]
[BlackFideId "24610380"]
[EventCountry "GER"]
[EventRounds "11"]
[EventType "swiss"]
[EventDate "2000.06.03"]

1. d4 d5 2. c4 e6 3. Nf3 Nf6 4. Nc3 c6 5. Bg5 Nbd7 6. e3 Be7 7. Bd3 dxc4 8.
Bxc4 h6 9. Bf4 b5 10. Bb3 Bb7 11. O-O O-O 12. a3 Nd5 13. Nxd5 cxd5 14. Qd3 a6
15. Bc2 Nf6 16. Be5 g6 17. Nh4 Bd6 18. Nxg6 Re8 19. Nf4 Bxe5 20. dxe5 Nd7 21.
Qh7+ Kf8 22. Qxh6+ Ke7 23. Ng6+ fxg6 24. Qg7# 1-0

[Event "DEM U10/U10w 2000"]
[Site "Überlingen GER"]
[Date "2000.06.09"]
[Round "9"]
[White "Fuchs, Judith"]
[Black "Katte, Nicolas"]
[Result "1-0"]
[Termination "normal"]
[Board "13"]
[WhiteElo "727"]
[BlackElo "1148"]
[PlyCount "75"]
[WhiteFideId "24605611"]
[BlackFideId "24614149"]
[EventCountry "GER"]
[EventRounds "11"]
[EventType "swiss"]
[EventDate "2000.06.03"]

1. e4 e5 2. Nf3 Nc6 3. d4 exd4 4. Nxd4 Bc5 5. Nb3 Bxf2+ 6. Kxf2 Qh4+ 7. g3 Qxe4
8. Qe1 Qxe1+ 9. Kxe1 Nf6 10. Nc3 O-O 11. Be2 Re8 12. Kf2 b6 13. Bf3 Bb7 14. Bd2
Re7 15. Rhe1 Rae8 16. Rxe7 Rxe7 17. Re1 Kf8 18. Nd5 Nxd5 19. Bxd5 Rxe1 20. Bxe1
Ke7 21. Bc3 g6 22. Nd2 Kd6 23. Bxf7 Ke7 24. Bd5 Kd6 25. Be4 a5 26. Bf3 Ke6 27.
Bg4+ Kd6 28. Ne4+ Ke7 29. Nf6 d6 30. Nxh7 b5 31. Nf6 Kf7 32. b3 Nb4 33. Bxb4
axb4 34. Nh7 Be4 35. Ng5+ Ke7 36. Nxe4 c5 37. Be2 Ke6 38. Bxb5 1-0

[Event "DEM U10/U10w 2000"]
[Site "Überlingen GER"]
[Date "2000.06.09"]
[Round "9"]
[White "Pongratz, Philip"]
[Black "Geilfuss, Albert"]
[Result "1-0"]
[Termination "normal"]
[Board "14"]
[WhiteElo "946"]
[BlackElo "1297"]
[PlyCount "121"]
[EventCountry "GER"]
[EventRounds "11"]
[EventType "swiss"]
[EventDate "2000.06.03"]

1. e4 c5 2. Nf3 Nc6 3. d4 cxd4 4. Nxd4 g6 5. Bc4 Bg7 6. Be3 Nf6 7. Nc3 d6 8. f3
Bd7 9. Qd2 O-O 10. g4 Ne5 11. Bb3 a6 12. h4 h5 13. gxh5 Nxh5 14. Bh6 Nc6 15.
Bxg7 Kxg7 16. Nxc6 Bxc6 17. Rg1 Qb6 18. O-O-O Rad8 19. Qg5 Nf6 20. h5 Rh8 21.
hxg6 Rh5 22. Qg2 Qe3+ 23. Kb1 d5 24. exd5 Bd7 25. gxf7+ Bg4 26. fxg4 Rg5 27.
Qe2 Qxe2 28. Nxe2 Kxf7 29. d6+ Ke8 30. Rh1 Rxd6 31. Rxd6 exd6 32. Rh8+ Kd7 33.
Nf4 Rxg4 34. Be6+ Kc6 35. Bxg4 Nxg4 36. Rh4 Ne5 37. c3 b5 38. Kc2 Kb6 39. Nd3
Nd7 40. Rh6 Kc7 41. b3 a5 42. a4 bxa4 43. bxa4 Kc6 44. Kb3 Nb6 45. Rh5 d5 46.
Nf4 Kc5 47. Nxd5 Nxd5 48. c4 Kd6 49. Rxd5+ Kc6 50. Kc3 Kb6 51. c5+ Kc6 52. Kc4
Kc7 53. Rd6 Kb7 54. Kb5 Kc7 55. Kxa5 Kb7 56. Kb5 Kc7 57. a5 Kb7 58. Rd7+ Kc8
59. Kc6 Kb8 60. Rh7 Ka8 61. Kb6 1-0

[Event "DEM U10/U10w 2000"]
[Site "Überlingen GER"]
[Date "2000.06.09"]
[Round "9"]
[White "Müller, Jan Hendrik"]
[Black "Erben, Larissa"]
[Result "1-0"]
[Termination "normal"]
[Board "15"]
[WhiteElo "1144"]
[BlackElo "918"]
[PlyCount "35"]
[WhiteFideId "24615048"]
[BlackFideId "24634590"]
[EventCountry "GER"]
[EventRounds "11"]
[EventType "swiss"]
[EventDate "2000.06.03"]

1. e4 e5 2. Nf3 Nc6 3. Bc4 Bc5 4. c3 Nf6 5. d4 exd4 6. cxd4 Bb4+ 7. Bd2 Bxd2+
8. Nbxd2 d5 9. exd5 Nxd5 10. Qe2+ Be6 11. O-O O-O 12. Ne5 Nxd4 13. Qe4 Nf4 14.
Kh1 Qg5 15. g3 Nfe2 16. Bxe2 Qxd2 17. Bd3 Qxb2 18. Qxh7# 1-0

[Event "DEM U10/U10w 2000"]
[Site "Überlingen GER"]
[Date "2000.06.09"]
[Round "9"]
[White "Hofmann, Christine"]
[Black "Dinger, Florian"]
[Result "1/2-1/2"]
[Termination "normal"]
[Board "16"]
[WhiteElo "966"]
[BlackElo "1135"]
[PlyCount "116"]
[BlackFideId "24605573"]
[EventCountry "GER"]
[EventRounds "11"]
[EventType "swiss"]
[EventDate "2000.06.03"]

1. d4 Nf6 2. c4 g6 3. Bg5 Bg7 4. Nc3 d6 5. e3 Nbd7 6. Bd3 b6 7. Nf3 Bb7 8. O-O
O-O 9. e4 Re8 10. e5 dxe5 11. dxe5 Bxf3 12. Qxf3 Nxe5 13. Qg3 Nxd3 14. Rad1 Qd6
15. Qxd6 cxd6 16. Rxd3 Rad8 17. Rfd1 Rd7 18. b4 h6 19. Bxf6 Bxf6 20. Ne4 Be5
21. c5 bxc5 22. bxc5 Red8 23. cxd6 exd6 24. f4 Bg7 25. Rxd6 Rxd6 26. Rxd6 Rxd6
27. Nxd6 Bd4+ 28. Kf1 f5 29. Nb5 Bb6 30. a4 Kf7 31. Ke2 Ke6 32. Kd3 Kd5 33. g3
a5 34. h3 Bf2 35. g4 Bg3 36. Ke3 fxg4 37. hxg4 Kc5 38. Nc3 Kb4 39. Kd3 Bxf4 40.
Nd5+ Kxa4 41. Nxf4 g5 42. Nd5 Kb5 43. Kc3 Kc5 44. Ne3 Kd6 45. Nf5+ Ke5 46. Nxh6
Kf6 47. Kc4 Kg6 48. Nf5 Kf6 49. Kb5 Ke5 50. Kxa5 Kf4 51. Nh6 Ke5 52. Kb5 Kf6
53. Kc5 Ke5 54. Nf7+ Kf4 55. Nh6 Ke5 56. Ng8 Kf4 57. Nf6 Ke5 58. Nh5 Ke4
1/2-1/2

[Event "DEM U10/U10w 2000"]
[Site "Überlingen GER"]
[Date "2000.06.09"]
[Round "9"]
[White "Szczap, Arthur"]
[Black "Schmidt, David"]
[Result "1/2-1/2"]
[Termination "normal"]
[Board "17"]
[WhiteElo "925"]
[BlackElo "1078"]
[PlyCount "101"]
[WhiteFideId "24637394"]
[EventCountry "GER"]
[EventRounds "11"]
[EventType "swiss"]
[EventDate "2000.06.03"]

1. e4 e5 2. Nf3 Nc6 3. d4 exd4 4. Nxd4 Bc5 5. Be3 Qf6 6. Nxc6 Bxe3 7. fxe3 Qxb2
8. Qd4 Qc1+ 9. Kf2 Qxc2+ 10. Be2 Qxc6 11. e5 Qb6 12. Qd3 Qg6 13. e4 Nh6 14. h3
Qb6+ 15. Ke1 Qb2 16. Qc3 Qxc3+ 17. Nxc3 O-O 18. g4 f6 19. exf6 gxf6 20. Nd5 c6
21. Nf4 Re8 22. Nh5 Kf7 23. Rf1 Ng8 24. g5 Re6 25. Kd2 Rd6+ 26. Kc3 Ke7 27. Kb3
fxg5 28. Ng7 Rf6 29. Nf5+ Ke8 30. Bh5+ Kd8 31. e5 Rf8 32. Ng7 Rxf1 33. Rxf1 Kc7
34. Ne8+ Kb6 35. Rb1 a6 36. Ka4+ Ka7 37. Nd6 b5+ 38. Kb4 Bb7 39. a4 Rf8 40. Kc5
Rf4 41. axb5 axb5 42. Bd1 Rh4 43. Ra1+ Ba6 44. Bg4 h5 45. Bxd7 Ra4 46. Rf1 Rf4
47. Ra1 g4 48. hxg4 hxg4 49. Kxc6 Ne7+ 50. Kc7 Nd5+ 51. Kc6 1/2-1/2

[Event "DEM U10/U10w 2000"]
[Site "Überlingen GER"]
[Date "2000.06.09"]
[Round "9"]
[White "Rudolf, Sebastian"]
[Black "Günther, Christian"]
[Result "1-0"]
[Termination "normal"]
[Board "18"]
[WhiteElo "1063"]
[BlackElo "877"]
[PlyCount "43"]
[WhiteFideId "24609390"]
[BlackFideId "24659380"]
[EventCountry "GER"]
[EventRounds "11"]
[EventType "swiss"]
[EventDate "2000.06.03"]

1. e4 e5 2. Nf3 Nf6 3. d4 exd4 4. e5 Nd5 5. Qxd4 Nb4 6. Qe4 Be7 7. a3 N4c6 8.
Bd3 g6 9. Bh6 d5 10. exd6 Bf5 11. dxe7 Qxe7 12. Qxe7+ Nxe7 13. Bxf5 Nxf5 14.
Be3 O-O 15. O-O Re8 16. Re1 Nc6 17. Nc3 Rad8 18. Bg5 Rxe1+ 19. Rxe1 Rd7 20. Bf6
h6 21. Re8+ Kh7 22. Rh8# 1-0

[Event "DEM U10/U10w 2000"]
[Site "Überlingen GER"]
[Date "2000.06.09"]
[Round "9"]
[White "Nekrassowa, Katja"]
[Black "Seyb, Alexander"]
[Result "0-1"]
[Termination "normal"]
[Board "19"]
[WhiteElo "361"]
[BlackElo "1052"]
[PlyCount "76"]
[BlackFideId "4699033"]
[EventCountry "GER"]
[EventRounds "11"]
[EventType "swiss"]
[EventDate "2000.06.03"]

1. e4 c5 2. Nf3 d6 3. d4 cxd4 4. Nxd4 Nf6 5. Nc3 a6 6. a4 e6 7. Be3 Be7 8. Bd3
O-O 9. f4 Nc6 10. O-O Bd7 11. Qf3 Nxd4 12. Bxd4 Bc6 13. Qh3 h6 14. Rf3 Nd7 15.
Rg3 Bf6 16. Be3 Bxc3 17. bxc3 Qf6 18. Bd4 e5 19. fxe5 dxe5 20. Rf1 Qe6 21. Rf5
exd4 22. cxd4 Bxa4 23. d5 Qb6+ 24. Kf1 Nc5 25. e5 Nxd3 26. cxd3 Kh7 27. d6 Bd7
28. Qg4 Rg8 29. Qe4 Bxf5 30. Qxf5+ Kh8 31. Qxf7 Raf8 32. Rxg7 Rxf7+ 33. Rxf7
Qd8 34. Rxb7 Qg5 35. Rc7 Qxg2+ 36. Ke1 Rf8 37. Rh7+ Kxh7 38. d7 Rf1# 0-1

[Event "DEM U10/U10w 2000"]
[Site "Überlingen GER"]
[Date "2000.06.09"]
[Round "9"]
[White "Jussupow, Ekaterina"]
[Black "Fischer, Sven"]
[Result "1-0"]
[Termination "normal"]
[Board "20"]
[WhiteElo "746"]
[BlackElo "1028"]
[PlyCount "51"]
[WhiteFideId "24625400"]
[EventCountry "GER"]
[EventRounds "11"]
[EventType "swiss"]
[EventDate "2000.06.03"]

1. e4 c5 2. d3 Nc6 3. g3 d6 4. Bg2 g6 5. f4 Qc7 6. Nf3 Bg7 7. c3 Bd7 8. O-O Nf6
9. h3 O-O 10. Be3 Qc8 11. g4 h5 12. Nh4 hxg4 13. f5 gxh3 14. Bxh3 Ne5 15. Qe2
Bb5 16. c4 Bd7 17. Nc3 Nh5 18. Nd5 Re8 19. Qg2 Kh8 20. Qg5 Bf6 21. Qh6+ Kg8 22.
Nxg6 fxg6 23. fxg6 Bxh3 24. Qh7+ Kf8 25. Nxf6 Nxf6 26. Bh6# 1-0

[Event "DEM U10/U10w 2000"]
[Site "Überlingen GER"]
[Date "2000.06.09"]
[Round "9"]
[White "Bömelburg, Raphael"]
[Black "Fink, Leander"]
[Result "0-1"]
[Termination "normal"]
[Board "21"]
[WhiteElo "1009"]
[BlackElo "712"]
[PlyCount "78"]
[WhiteFideId "24692441"]
[BlackFideId "24605247"]
[EventCountry "GER"]
[EventRounds "11"]
[EventType "swiss"]
[EventDate "2000.06.03"]

1. e4 c5 2. Nc3 Nc6 3. f4 g6 4. Nf3 Bg7 5. Bb5 e6 6. Bxc6 bxc6 7. O-O Ne7 8. d3
d5 9. Qe1 O-O 10. g4 Rb8 11. Qg3 f5 12. e5 fxg4 13. Qxg4 Nf5 14. Ne2 Qb6 15. c4
Rd8 16. Ng3 dxc4 17. dxc4 Qb4 18. b3 a5 19. Bb2 Ne3 20. Qg5 Ba6 21. Rfe1 Nc2
22. Red1 Qb6 23. Rac1 Nd4 24. Kf2 Rd7 25. Qg4 Re8 26. Rd2 Bb7 27. Rcd1 Kh8 28.
Nxd4 cxd4 29. Bxd4 c5 30. Bxc5 Rxd2+ 31. Rxd2 Qxc5+ 32. Kf1 Qb4 33. Rd6 Bc8 34.
Rc6 Qa3 35. Rc7 Qc1+ 36. Kg2 Qd2+ 37. Kh3 Qxa2 38. f5 exf5 39. Nxf5 Bxf5 0-1

[Event "DEM U10/U10w 2000"]
[Site "Überlingen GER"]
[Date "2000.06.09"]
[Round "9"]
[White "Herkt, Laura"]
[Black "Collmann, Martin"]
[Result "1-0"]
[Termination "normal"]
[Board "22"]
[WhiteElo "924"]
[BlackElo "496"]
[PlyCount "101"]
[EventCountry "GER"]
[EventRounds "11"]
[EventType "swiss"]
[EventDate "2000.06.03"]

1. c4 c5 2. Nc3 Nc6 3. Nf3 d6 4. g3 Nf6 5. Bg2 g6 6. O-O Bg7 7. d3 O-O 8. Bd2
a6 9. Qc1 Bd7 10. Bh6 Rb8 11. Bxg7 Kxg7 12. a3 b5 13. cxb5 axb5 14. Rb1 b4 15.
axb4 Rxb4 16. Qc2 d5 17. Na2 Rb7 18. Qxc5 e5 19. Qc2 Qa5 20. Nc3 d4 21. Ne4
Nxe4 22. dxe4 f5 23. exf5 Qa6 24. Qd2 Bxf5 25. Ra1 Qb5 26. Nxe5 Nxe5 27. Bxb7
Qxb7 28. Qxd4 Bh3 29. Qxe5+ Kg8 30. f3 Bxf1 31. Rxf1 Qb6+ 32. Kg2 Rf5 33. Qc3
Qb5 34. Re1 Re5 35. Qd2 Rh5 36. Qd8+ Kf7 37. Qc7+ Kg8 38. Qc3 Qd7 39. g4 Rh6
40. Qe3 Kg7 41. Qc3+ Kg8 42. Qb3+ Kg7 43. Rd1 Qe7 44. Qc3+ Kg8 45. Qc4+ Kg7 46.
Qd4+ Kg8 47. Qd8+ Qxd8 48. Rxd8+ Kf7 49. b4 g5 50. Rd5 Kf6 51. Rd6+ 1-0

[Event "DEM U10/U10w 2000"]
[Site "Überlingen GER"]
[Date "2000.06.09"]
[Round "9"]
[White "Jakobi, Sabina"]
[Black "Weber, Max"]
[Result "0-1"]
[Termination "normal"]
[Board "23"]
[WhiteElo "713"]
[BlackElo "911"]
[PlyCount "58"]
[BlackFideId "24606146"]
[EventCountry "GER"]
[EventRounds "11"]
[EventType "swiss"]
[EventDate "2000.06.03"]

1. e4 g6 2. d4 Bg7 3. Nf3 d6 4. Nc3 c6 5. Bd2 b5 6. Bd3 Bb7 7. Qe2 a6 8. Qe3
Nd7 9. Qf4 h6 10. h4 c5 11. dxc5 Nxc5 12. Be2 Nf6 13. O-O-O Ncxe4 14. Be3 Nxc3
15. bxc3 Nd5 16. Qe4 Qc7 17. Rxd5 Bxd5 18. Qxd5 Rc8 19. Ne1 Qc6 20. Bf3 Qxd5
21. Bxd5 Rxc3 22. Bb7 Ra3 23. Kb1 Kd7 24. Bd5 e6 25. Bb7 Rb8 26. Bc1 Ra4 27.
Bf3 Rb4+ 28. Bb2 Rxb2+ 29. Kc1 Rxa2 0-1

[Event "DEM U10/U10w 2000"]
[Site "Überlingen GER"]
[Date "2000.06.09"]
[Round "9"]
[White "Weber, Kristina"]
[Black "Weiß, Katharina"]
[Result "0-1"]
[Termination "normal"]
[Board "24"]
[WhiteElo "704"]
[BlackElo "897"]
[PlyCount "76"]
[BlackFideId "24692859"]
[EventCountry "GER"]
[EventRounds "11"]
[EventType "swiss"]
[EventDate "2000.06.03"]

1. e4 c5 2. Nc3 d6 3. Nf3 Nf6 4. d3 g6 5. Be2 Bg7 6. O-O O-O 7. Bg5 Nc6 8. Qd2
a6 9. Nd5 Ng4 10. h3 Nge5 11. c3 Nxf3+ 12. Bxf3 Be6 13. Rfe1 Re8 14. Rab1 Bxd5
15. exd5 Ne5 16. Re3 Qc7 17. d4 Nc4 18. Qd3 Nxe3 19. Qxe3 cxd4 20. cxd4 Qc2 21.
Be4 Qc4 22. Rc1 Qxd4 23. Qxd4 Bxd4 24. b3 Be5 25. Rc7 f6 26. Be3 b5 27. f4 Bb2
28. f5 g5 29. g4 Rac8 30. Rxc8 Rxc8 31. Kg2 Bc1 32. Bd4 Bf4 33. Kf3 Rc1 34. h4
Be5 35. Bb6 gxh4 36. Kg2 Ra1 37. Kh3 Rxa2 38. Kxh4 Rh2# 0-1